| 000 | 00738nam a2200229 a 4500 | ||
|---|---|---|---|
| 001 | BRCA_4331 | ||
| 005 | 20190320204629.0 | ||
| 008 | 271108s1957----mx-a###f##---#010-0#spa-u | ||
| 041 | _aspa | ||
| 044 | _amx | ||
| 050 | 4 |
_aTS1096.M4 _b.C56 1957 |
|
| 245 | 1 | 0 |
_aCincuenta años de la fábrica de Papel Loreto _bdos discursos de Carlos Linga y Hans Lenz. |
| 260 |
_aMéxico _bCultura _c1957 |
||
| 300 |
_a28 p. _bil., retratos _c22 cm. |
||
| 500 | _aEjemplar igual a A50 | ||
| 500 | _aX50 | ||
| 520 | 3 | _aHomenaje a la memoria de Don Alberto Lenz por el cincuentenario de la empresa | |
| 650 | 1 | 4 |
_aFábrica de Papel Loreto, San Angel _zMéxico _97368 |
| 650 | 1 | 4 |
_aPapel _xFabricación y comercio _97369 |
| 902 | _aGFM | ||
| 942 |
_2lcc _cB |
||
| 999 |
_c4042 _d4042 |
||